[Event "GER-ch U14"]
[Site "Willingen"]
[Date "2022.06.07"]
[Round "4"]
[White "Sundui, Chinguun"]
[Black "Weyerer, Noah"]
[Result "1-0"]
[WhiteElo "1793"]
[BlackElo "1555"]
[PlyCount "79"]
[EventDate "2022.06.04"]
[EventType "swiss"]
[EventRounds "9"]
[EventCountry "GER"]
[SourceTitle "CBM 208 Extra"]
[Source "ChessBase"]
[SourceDate "2022.07.31"]
[SourceVersion "1"]
[SourceVersionDate "2022.07.31"]
[SourceQuality "1"]

1. d4 e6 2. Nc3 d5 3. Bf4 Bd6 4. e3 Bxf4 5. exf4 Nf6 6. Nf3 b6 7. g3 Nbd7 8. Ne5 Bb7 9. Bg2 0-0 10. 0-0 c5 11. g4 Ba6 12. Re1 Qc7 13. g5 cxd4 14. Qxd4 Nxe5 15. Rxe5 Nd7 16. Ree1 Qc4 17. Qd2 Rac8 18. Bf1 Qc5 19. Bxa6 Rc7 20. Bd3 f6 21. Qe3 Qxe3 22. fxe3 fxg5 23. fxg5 Ne5 24. Be2 Rf5 25. h4 Ng6 26. Bd3 Rf3 27. Bxg6 hxg6 28. Kg2 Rcf7 29. Re2 Kf8 30. Nb5 e5 31. Nd6 Ke7 32. Nxf7 Rxf7 33. Rf2 Rf5 34. Rxf5 gxf5 35. h5 Kf7 36. Rf1 g6 37. h6 Kg8 38. Rd1 d4 39. exd4 e4 40. d5 1-0

[Event "GER-ch U14"]
[Site "Willingen"]
[Date "2022.06.05"]
[Round "2"]
[White "Besou, Hussain"]
[Black "Sundui, Chinguun"]
[Result "1-0"]
[WhiteElo "2094"]
[BlackElo "1793"]
[PlyCount "81"]
[EventDate "2022.06.04"]
[EventType "swiss"]
[EventRounds "9"]
[EventCountry "GER"]
[SourceTitle "CBM 208 Extra"]
[Source "ChessBase"]
[SourceDate "2022.07.31"]
[SourceVersion "1"]
[SourceVersionDate "2022.07.31"]
[SourceQuality "1"]

1. e4 c5 2. Nf3 g6 3. d4 cxd4 4. Nxd4 Bg7 5. c4 Nc6 6. Be3 d6 7. Nc3 Nf6 8. Be2 0-0 9. 0-0 Bd7 10. Rc1 Nxd4 11. Bxd4 Bc6 12. f3 a5 13. Nd5 Nd7 14. Bxg7 Kxg7 15. Qd4+ Kg8 16. Rfd1 Nc5 17. b3 Rb8 18. Qe3 Bxd5 19. Rxd5 Nd7 20. c5 Nf6 21. Rdd1 d5 22. e5 Ne8 23. e6 Nc7 24. exf7+ Rxf7 25. Qc3 Ra8 26. a3 e6 27. b4 axb4 28. axb4 Ra2 29. Bc4 Rxg2+ 30. Kxg2 Qg5+ 31. Kh1 dxc4 32. Qxc4 Nd5 33. Qe4 Nf4 34. Rg1 Qh5 35. Rg4 e5 36. b5 Nh3 37. Rf1 g5 38. Qxe5 h6 39. Rd4 Nf4 40. Rd8+ Kh7 41. Rh8+ 1-0

[Event "Berlin Teschner Memorial"]
[Site "Berlin"]
[Date "2022.05.26"]
[Round "1"]
[White "Sundui, Chinguun"]
[Black "Tschernatsch, Johannes"]
[Result "0-1"]
[WhiteElo "1731"]
[BlackElo "2358"]
[PlyCount "100"]
[EventDate "2022.05.26"]
[EventType "swiss"]
[EventRounds "7"]
[EventCountry "GER"]
[SourceTitle "CBM 208 Extra"]
[Source "ChessBase"]
[SourceDate "2022.07.31"]
[SourceVersion "1"]
[SourceVersionDate "2022.07.31"]
[SourceQuality "1"]

1. e4 c5 2. Nf3 Nc6 3. Bb5 g6 4. 0-0 Bg7 5. Bxc6 dxc6 6. Re1 Qc7 7. d3 Nf6 8. h3 0-0 9. Be3 b6 10. Nc3 Rd8 11. Qd2 Nd7 12. a4 a5 13. Ng5 h6 14. Nf3 Kh7 15. Nh2 Ne5 16. Qe2 f5 17. f4 Nf7 18. e5 Be6 19. Rf1 Rg8 20. Kf2 Nd8 21. Qf3 Bf7 22. Rad1 Ne6 23. Ne2 Rad8 24. Ke1 Nd4 25. Bxd4 cxd4 26. g4 c5 27. b3 Qd7 28. Ng3 Bd5 29. Qe2 e6 30. h4 Bf8 31. h5 Be7 32. hxg6+ Rxg6 33. Nh5 Rdg8 34. Rg1 b5 35. axb5 Qxb5 36. g5 a4 37. bxa4 Qxa4 38. Nf6+ Bxf6 39. exf6 Qa5+ 40. Kf2 Qc7 41. Qe5 Qxe5 42. fxe5 Rxg5 43. Rxg5 hxg5 44. Ra1 Kh6 45. Nf3 g4 46. Nh4 Kg5 47. Ng2 f4 48. Ra7 g3+ 49. Kg1 Rb8 50. Rg7+ Kf5 0-1

[Event "GER-ch U14"]
[Site "Willingen"]
[Date "2021.08.23"]
[Round "2"]
[White "Pfeffer, Samuel"]
[Black "Sundui, Chinguun"]
[Result "1/2-1/2"]
[WhiteElo "1487"]
[BlackElo "1853"]
[PlyCount "71"]
[EventDate "2021.08.22"]
[EventType "swiss"]
[EventRounds "9"]
[EventCountry "GER"]
[SourceTitle "EXT 2022"]
[Source "ChessBase"]
[SourceDate "2021.10.06"]
[SourceVersion "1"]
[SourceVersionDate "2021.10.06"]
[SourceQuality "1"]

1. d4 Nf6 2. c4 e6 3. Nc3 Bb4 4. g3 Nc6 5. Bg2 0-0 6. Nf3 d6 7. 0-0 Bxc3 8. bxc3 Qe7 9. Re1 e5 10. e4 Bd7 11. d5 Nb8 12. Rb1 b6 13. Qc2 a5 14. h3 Na6 15. Be3 Ne8 16. Nd2 f5 17. f4 fxe4 18. Bxe4 Nf6 19. Bg2 exf4 20. Bxf4 Qf7 21. Nf3 h6 22. Nd4 Nc5 23. Re2 Rae8 24. Rbe1 Nh5 25. Ne6 Nxf4 26. Nxf4 Bf5 27. Qd2 g5 28. Ne6 Bxe6 29. dxe6 Qe7 30. h4 Kg7 31. Bc6 Rd8 32. Qd4+ Rf6 33. hxg5 hxg5 34. Qg4 Rg6 35. Qd4+ Rf6 36. Qg4 1/2-1/2

[Event "GER-chT School WK 4"]
[Site "Playchess.com INT"]
[Date "2020.06.16"]
[Round "1.1"]
[White "Apel, Linus"]
[Black "Sundui, Chinguun"]
[Result "1/2-1/2"]
[WhiteElo "1660"]
[BlackElo "1554"]
[PlyCount "134"]
[EventDate "2020.06.16"]
[EventType "team-swiss (blitz)"]
[EventRounds "5"]
[EventCountry "GER"]
[SourceTitle "EXT 2021"]
[Source "ChessBase"]
[SourceDate "2020.10.23"]
[SourceVersion "1"]
[SourceVersionDate "2020.10.23"]
[SourceQuality "1"]
[WhiteTeam "Erfurt Alb Schweitzer Gymn"]
[BlackTeam "Nauen Leon Da Vinci"]
[WhiteTeamCountry "GER"]
[BlackTeamCountry "GER"]

1. e4 Nc6 2. Nf3 d6 3. Nc3 g6 4. d4 Bg7 5. Bc4 Nf6 6. Be3 0-0 7. 0-0 a6 8. a4 Na5 9. Ba2 b6 10. Re1 Bb7 11. Bf4 c5 12. d5 Bc8 13. Qd3 Nd7 14. Bc4 Nxc4 15. Qxc4 h6 16. Rab1 Bb7 17. Qd3 g5 18. Bc1 Rc8 19. b3 Qc7 20. Nd2 Ne5 21. Qe2 Ng6 22. Bb2 Nf4 23. Qe3 Bd4 24. Qf3 Qd7 25. Ne2 Nxe2+ 26. Qxe2 Bxb2 27. Rxb2 b5 28. axb5 axb5 29. Nf3 Rfe8 30. c4 Ba6 31. e5 e6 32. exd6 Qxd6 33. Rd2 bxc4 34. dxe6 Qxe6 35. Qxe6 Rxe6 36. Rxe6 fxe6 37. bxc4 Bxc4 38. Ne5 Bd5 39. Ng4 Kg7 40. h3 c4 41. Ne3 c3 42. Rc2 Be4 43. Rc1 c2 44. f3 Bg6 45. Kf2 Rd8 46. Ke2 Bd3+ 47. Ke1 Rb8 48. Nxc2 Rb2 49. Kd2 Bxc2 50. Rxc2 Rxc2+ 51. Kxc2 Kf6 52. Kd3 Ke5 53. Ke3 Kf5 54. g4+ Ke5 55. Ke2 Kf4 56. Kf2 e5 57. Kg2 Ke3 58. Kg3 Ke2 59. Kg2 Kd3 60. Kf2 e4 61. fxe4 Kxe4 62. Kg3 Ke3 63. Kg2 Ke2 64. Kg3 Ke3 65. Kg2 Kf4 66. Kf2 Ke4 67. Kg3 Ke3 1/2-1/2

[Event "GER-chT School WK 4"]
[Site "Playchess.com INT"]
[Date "2020.06.16"]
[Round "4.1"]
[White "Sundui, Chinguun"]
[Black "Von Mettenheim, Johannes"]
[Result "0-1"]
[WhiteElo "1554"]
[BlackElo "2002"]
[PlyCount "68"]
[EventDate "2020.06.16"]
[EventType "team-swiss (blitz)"]
[EventRounds "5"]
[EventCountry "GER"]
[SourceTitle "EXT 2021"]
[Source "ChessBase"]
[SourceDate "2020.10.23"]
[SourceVersion "1"]
[SourceVersionDate "2020.10.23"]
[SourceQuality "1"]
[WhiteTeam "Nauen Leon Da Vinci"]
[BlackTeam "Hannover Schillerstr Gymn"]
[WhiteTeamCountry "GER"]
[BlackTeamCountry "GER"]

1. e4 c5 2. Nf3 Nc6 3. b4 Nxb4 4. c3 Nc6 5. d4 cxd4 6. cxd4 d5 7. exd5 Qxd5 8. Nc3 Qa5 9. d5 Qxc3+ 10. Bd2 Qa3 11. dxc6 bxc6 12. Be2 Ba6 13. 0-0 e6 14. Ne5 Bb5 15. Rb1 Nf6 16. Rxb5 Bd6 17. Nxc6 0-0 18. Qb3 Qa6 19. Bf3 Rac8 20. Nd4 Bc5 21. Bb7 Qd6 22. Bxc8 Rxc8 23. Nf3 Ne4 24. Bb4 Bxf2+ 25. Kh1 Qa6 26. a4 e5 27. Rd1 Qh6 28. g4 Qh3 29. Nd2 Ng3+ 30. Qxg3 Bxg3 31. Nf3 Bf4 32. Rd3 Qf1+ 33. Ng1 Qxd3 34. Be7 Qe4+ 0-1

[Event "GER Pfingstopen U16"]
[Site "Playchess.com INT"]
[Date "2020.06.05"]
[Round "5"]
[White "Bakiev, Diyor"]
[Black "Sundui, Chinguun"]
[Result "1-0"]
[WhiteElo "1844"]
[BlackElo "1651"]
[PlyCount "27"]
[EventDate "2020.06.05"]
[EventType "swiss (blitz)"]
[EventRounds "11"]
[EventCountry "GER"]
[SourceTitle "CBM 197 Extra"]
[Source "ChessBase"]
[SourceDate "2020.09.30"]
[SourceVersion "1"]
[SourceVersionDate "2020.09.30"]
[SourceQuality "1"]

1. e4 c5 2. c3 e6 3. d4 cxd4 4. cxd4 d5 5. e5 Nc6 6. Nf3 Nge7 7. Na3 Nf5 8. Nc2 Be7 9. Bd3 g6 10. 0-0 0-0 11. a3 Qb6 12. b4 Ncxd4 13. Nfxd4 Nxd4 14. Be3 1-0

[Event "GER Pfingstopen U16"]
[Site "Playchess.com INT"]
[Date "2020.06.05"]
[Round "9"]
[White "Sundui, Chinguun"]
[Black "Kieselbach, Jannik"]
[Result "0-1"]
[WhiteElo "1651"]
[BlackElo "1586"]
[PlyCount "116"]
[EventDate "2020.06.05"]
[EventType "swiss (blitz)"]
[EventRounds "11"]
[EventCountry "GER"]
[SourceTitle "CBM 197 Extra"]
[Source "ChessBase"]
[SourceDate "2020.09.30"]
[SourceVersion "1"]
[SourceVersionDate "2020.09.30"]
[SourceQuality "1"]

1. d4 d5 2. Nf3 Nf6 3. g3 e6 4. Bg2 c5 5. c4 cxd4 6. Nxd4 Bc5 7. e3 0-0 8. 0-0 Nc6 9. cxd5 exd5 10. Nc3 Nxd4 11. exd4 Bb6 12. Bf4 Bf5 13. Qb3 Be6 14. Rac1 Rc8 15. Nb5 Bd7 16. Nd6 Rxc1 17. Rxc1 Bc6 18. Qd3 Bc7 19. Nf5 Bxf4 20. gxf4 g6 21. Ne3 Re8 22. f5 Kg7 23. fxg6 hxg6 24. b4 Rh8 25. h3 a6 26. Ng4 Nxg4 27. hxg4 Qd6 28. a3 Qf4 29. Re1 Qf6 30. Qe3 Qd8 31. Qe5+ Kh7 32. Qh2+ Kg7 33. Qe5+ Qf6 34. Qxf6+ Kxf6 35. f4 Rc8 36. Re5 Rd8 37. g5+ Kg7 38. Kf2 Rd7 39. Ke3 f6 40. gxf6+ Kxf6 41. Bh3 Re7 42. Rxe7 Kxe7 43. f5 g5 44. Kf3 Kf6 45. Kg4 Bd7 46. Kg3 Bxf5 47. Bg2 Ke6 48. Kf3 Be4+ 49. Kf2 Bxg2 50. Kxg2 Kf5 51. Kf3 g4+ 52. Ke3 g3 53. Kf3 g2 54. Kxg2 Ke4 55. Kf2 Kxd4 56. Ke2 Kc3 57. Ke3 d4+ 58. Ke2 Kc2 0-1

[Event "GER Pfingstopen U16"]
[Site "Playchess.com INT"]
[Date "2020.06.05"]
[Round "3"]
[White "Sundui, Chinguun"]
[Black "Mueller, Maximilian3"]
[Result "1/2-1/2"]
[WhiteElo "1651"]
[BlackElo "1558"]
[PlyCount "155"]
[EventDate "2020.06.05"]
[EventType "swiss (blitz)"]
[EventRounds "11"]
[EventCountry "GER"]
[SourceTitle "CBM 197 Extra"]
[Source "ChessBase"]
[SourceDate "2020.09.30"]
[SourceVersion "1"]
[SourceVersionDate "2020.09.30"]
[SourceQuality "1"]

1. d4 Nf6 2. Nf3 g6 3. c4 Bg7 4. Nc3 0-0 5. e3 d6 6. Be2 Re8 7. b3 e5 8. 0-0 Nfd7 9. Bb2 e4 10. Nd2 f5 11. b4 c5 12. bxc5 dxc5 13. Nd5 Nb6 14. Nxb6 Qxb6 15. Qb3 cxd4 16. Qxb6 axb6 17. exd4 Nc6 18. Nb3 Na5 19. Rfd1 Bd7 20. Bc3 Be6 21. Nxa5 bxa5 22. Rab1 Reb8 23. Rb5 Rc8 24. Rxb7 Bxc4 25. Bxc4+ Rxc4 26. Ba1 Rac8 27. h3 Rc1 28. Rb1 R1c2 29. d5 Bxa1 30. Rxa1 Rd8 31. Rd4 Kf7 32. a4 Ke7 33. Rad1 Kd6 34. Kf1 Rb8 35. g4 Rbb2 36. f4 exf3 37. Rf4 fxg4 38. hxg4 f2 39. Rf6+ Kd7 40. Rf7+ Kd6 41. Rf6+ Ke7 42. Re6+ Kd7 43. Rf6 Re2 44. Rf7+ Re7 45. Rxf2 Rxf2+ 46. Kxf2 Kd6 47. Kf3 Re5 48. Rh1 Rxd5 49. Rxh7 Rd4 50. Rh6 Rxa4 51. Rxg6+ Ke5 52. Ra6 Ra3+ 53. Kg2 Kf4 54. Rg6 Ra2+ 55. Kg1 Kg3 56. Kf1 Kf4 57. g5 Kf5 58. Rg8 a4 59. g6 Ra1+ 60. Kg2 Ra2+ 61. Kf1 Ra1+ 62. Kg2 Kf6 63. g7 Kf7 64. Ra8 Kxg7 65. Kf2 Kf6 66. Ra6+ Ke5 67. Ke3 Ra3+ 68. Kf2 Kd4 69. Ke2 Kc3 70. Kf2 Kb2 71. Ke2 Kb3 72. Kd2 Ra2+ 73. Kc1 Rc2+ 74. Kb1 Rb2+ 75. Ka1 Ra2+ 76. Kb1 Ka3 77. Rxa4+ Kxa4 78. Kxa2 1/2-1/2

[Event "GER Pfingstopen U16"]
[Site "Playchess.com INT"]
[Date "2020.06.05"]
[Round "10"]
[White "Sundui, Chinguun"]
[Black "Roos, Valentin"]
[Result "1-0"]
[WhiteElo "1651"]
[BlackElo "1559"]
[PlyCount "124"]
[EventDate "2020.06.05"]
[EventType "swiss (blitz)"]
[EventRounds "11"]
[EventCountry "GER"]
[SourceTitle "CBM 197 Extra"]
[Source "ChessBase"]
[SourceDate "2020.09.30"]
[SourceVersion "1"]
[SourceVersionDate "2020.09.30"]
[SourceQuality "1"]

1. d4 d5 2. c4 e6 3. Nc3 Bb4 4. Bd2 Nf6 5. e3 Nc6 6. a3 Be7 7. Bd3 Bd7 8. Nge2 0-0 9. 0-0 Bc8 10. c5 b6 11. b4 a5 12. b5 Na7 13. c6 Qd6 14. a4 e5 15. dxe5 Qxe5 16. Nd4 Ne4 17. Bxe4 dxe4 18. Qc2 Be6 19. Qxe4 Qxe4 20. Nxe4 Bd5 21. Nc3 Bf6 22. Rac1 Be6 23. Nxe6 fxe6 24. Ne4 Be5 25. Bc3 Bxc3 26. Nxc3 Nc8 27. Ne4 Ne7 28. Rfd1 Rac8 29. Rd7 Nd5 30. Ng5 h6 31. Nxe6 Rf6 32. Rxd5 Rxe6 33. Rcd1 Kf7 34. Rd7+ Kf6 35. Rd8 Rxd8 36. Rxd8 Re4 37. Rd4 Re5 38. Kf1 Rc5 39. Ke2 Ke6 40. Kd3 Rd5 41. Rxd5 Kxd5 42. e4+ Ke5 43. g3 g5 44. h4 gxh4 45. f4+ Kf6 46. gxh4 Ke6 47. Kd4 Kd6 48. e5+ Ke6 49. Ke4 h5 50. f5+ Ke7 51. Kf4 Kf7 52. Kg5 Kg7 53. Kxh5 Kf7 54. Kg5 Kg7 55. h5 Kf7 56. h6 Kg8 57. h7+ Kxh7 58. Kf6 Kg8 59. Ke7 Kg7 60. f6+ Kg8 61. f7+ Kg7 62. f8Q+ Kg6 1-0

[Event "GER Cup Net V2 U2000"]
[Site "Playchess.com INT"]
[Date "2020.05.22"]
[Round "1"]
[White "Fischer, Daria"]
[Black "Sundui, Chinguun"]
[Result "1/2-1/2"]
[WhiteElo "1367"]
[BlackElo "1722"]
[PlyCount "157"]
[EventDate "2020.05.22"]
[EventType "swiss (blitz)"]
[EventRounds "9"]
[EventCountry "GER"]
[SourceTitle "EXT 2021"]
[Source "ChessBase"]
[SourceDate "2020.10.23"]
[SourceVersion "1"]
[SourceVersionDate "2020.10.23"]
[SourceQuality "1"]

1. d4 Nf6 2. c4 e6 3. Nc3 Bb4 4. Bg5 h6 5. Bh4 g5 6. Bg3 Ne4 7. Qc2 Nxc3 8. bxc3 Be7 9. Nf3 b6 10. e4 Bb7 11. Be2 d6 12. 0-0 Nd7 13. d5 e5 14. Rfe1 0-0 15. Nd2 Bf6 16. Nf1 Bg7 17. Ne3 Nc5 18. Nf5 Bc8 19. Bg4 Qf6 20. h4 Bxf5 21. hxg5 hxg5 22. Bxf5 Bh6 23. Qe2 Kg7 24. Qg4 Nd3 25. Re3 Nf4 26. Bxf4 exf4 27. Rf3 Qe5 28. Rc1 Rh8 29. Rh3 Kf8 30. Rd1 Ke7 31. Rdd3 Rag8 32. Rh5 Qf6 33. Rdh3 Bg7 34. Rxh8 Rxh8 35. Rxh8 Bxh8 36. Qh5 Bg7 37. f3 Bh6 38. Kh2 Bg7 39. Kh3 a6 40. Kg4 b5 41. Qxg5 Qxg5+ 42. Kxg5 Bxc3 43. cxb5 axb5 44. Kxf4 Be5+ 45. Kg5 f6+ 46. Kg6 Bg3 47. Kh5 Bf4 48. Kg4 Be5 49. f4 Bd4 50. Kf3 b4 51. g4 Bc3 52. g5 fxg5 53. fxg5 Kf7 54. g6+ Ke7 55. Kg4 Kf6 56. Kh5 Bd2 57. Kg4 Bc3 58. Kf3 Bd2 59. Ke2 Bc3 60. Kd3 Ke7 61. Kc4 Kf6 62. a3 Be5 63. axb4 Ke7 64. Kb5 Kd8 65. Kc6 Bf4 66. b5 Be5 67. b6 cxb6 68. Kxb6 Ke7 69. Kc7 Bd4 70. Kc8 Be5 71. Kc7 Bd4 72. Kb7 Be5 73. Kc6 Bd4 74. Kb5 Be5 75. Kc4 Kf6 76. Kb5 Ke7 77. Kc6 Bd4 78. Kc7 Be5 79. Kc6 1/2-1/2

[Event "GER Cup Net V2 U2000"]
[Site "Playchess.com INT"]
[Date "2020.05.22"]
[Round "3"]
[White "Guder, Sibylle"]
[Black "Sundui, Chinguun"]
[Result "1-0"]
[WhiteElo "1890"]
[BlackElo "1722"]
[PlyCount "81"]
[EventDate "2020.05.22"]
[EventType "swiss (blitz)"]
[EventRounds "9"]
[EventCountry "GER"]
[SourceTitle "EXT 2021"]
[Source "ChessBase"]
[SourceDate "2020.10.23"]
[SourceVersion "1"]
[SourceVersionDate "2020.10.23"]
[SourceQuality "1"]

1. Nf3 Nc6 2. c4 e6 3. g3 d5 4. b3 Nf6 5. Bg2 g6 6. Nc3 Bg7 7. Ba3 Ne7 8. 0-0 0-0 9. d4 Re8 10. e3 Nc6 11. Ne5 Nxe5 12. dxe5 Ne4 13. Nxe4 dxe4 14. Bb2 Qg5 15. Bxe4 Rd8 16. Qe2 Rb8 17. Rad1 Bd7 18. f4 Qe7 19. Qf3 c6 20. Rd6 Bf8 21. Rfd1 Qe8 22. R6d3 a5 23. a3 b5 24. Ba1 Bxa3 25. h4 Bf8 26. h5 Bg7 27. hxg6 hxg6 28. Kg2 Bf8 29. Rxd7 Rxd7 30. Bxc6 Rxd1 31. Bxe8 Rxa1 32. Bxb5 Rd8 33. Qb7 Rd2+ 34. Kf3 Raa2 35. Be8 Kh8 36. Qxf7 Bc5 37. Qf6+ Kh7 38. Bxg6+ Kh6 39. Bf7+ Kh7 40. Qg6+ Kh8 41. Qg8# 1-0

[Event "GER Cup Net V2 U2000"]
[Site "Playchess.com INT"]
[Date "2020.05.22"]
[Round "6"]
[White "May, Alexander1"]
[Black "Sundui, Chinguun"]
[Result "0-1"]
[WhiteElo "1566"]
[BlackElo "1722"]
[PlyCount "100"]
[EventDate "2020.05.22"]
[EventType "swiss (blitz)"]
[EventRounds "9"]
[EventCountry "GER"]
[SourceTitle "EXT 2021"]
[Source "ChessBase"]
[SourceDate "2020.10.23"]
[SourceVersion "1"]
[SourceVersionDate "2020.10.23"]
[SourceQuality "1"]

1. d4 Nf6 2. Nf3 e6 3. Nbd2 d5 4. b3 Be7 5. Bb2 0-0 6. e3 b6 7. c4 Bb7 8. Be2 Nbd7 9. 0-0 c5 10. Rc1 Rc8 11. Bd3 cxd4 12. exd4 dxc4 13. Nxc4 Nd5 14. Nfe5 Nxe5 15. dxe5 Nb4 16. Bb1 Qxd1 17. Rfxd1 Rfd8 18. a3 Nd5 19. b4 Ba6 20. Nd2 Nf4 21. Rxc8 Ne2+ 22. Kh1 Rxc8 23. Ne4 h6 24. g3 g5 25. Rd2 g4 26. Kg2 h5 27. Nf6+ Bxf6 28. exf6 Bb7+ 29. Kf1 Ba6 30. Ke1 Nc3 31. Bd3 Bxd3 32. Rxd3 Nd5 33. Be5 Rc2 34. Kd1 Ra2 35. Rd2 Rxa3 36. Ke2 Rb3 37. Rb2 Rxb2+ 38. Bxb2 Kf8 39. Kd3 Nxb4+ 40. Kc4 Nd5 41. Be5 Ke8 42. Bb8 a5 43. Ba7 Kd7 44. Kb5 Kc7 45. Ka6 a4 46. Kb5 a3 47. Bxb6+ Nxb6 48. Kb4 a2 49. Ka3 a1Q+ 50. Kb3 Qf1 0-1

[Event "GER Cup Net V2 U2000"]
[Site "Playchess.com INT"]
[Date "2020.05.22"]
[Round "2"]
[White "Sundui, Chinguun"]
[Black "Nagy, Zoltan1"]
[Result "1-0"]
[WhiteElo "1722"]
[BlackElo "1615"]
[PlyCount "71"]
[EventDate "2020.05.22"]
[EventType "swiss (blitz)"]
[EventRounds "9"]
[EventCountry "GER"]
[SourceTitle "EXT 2021"]
[Source "ChessBase"]
[SourceDate "2020.10.23"]
[SourceVersion "1"]
[SourceVersionDate "2020.10.23"]
[SourceQuality "1"]

1. Nf3 c5 2. e4 d6 3. c3 e5 4. d4 cxd4 5. cxd4 exd4 6. Nxd4 Nf6 7. Nc3 a6 8. Bc4 Be7 9. Nf5 0-0 10. 0-0 b5 11. Bb3 Bb7 12. f3 Re8 13. Bf4 Nc6 14. Bxd6 Bxd6 15. Qxd6 Qb6+ 16. Kh1 Rad8 17. Qg3 g6 18. Nh6+ Kg7 19. Nxf7 Rd2 20. Rad1 Rxb2 21. Nd6 Re7 22. Nf5+ Kh8 23. Nxe7 Nxe7 24. Qb8+ Kg7 25. e5 Nh5 26. e6 Qe3 27. Ne4 Nf4 28. Qe5+ Kh6 29. Qg5+ Kg7 30. Qxe7+ Kh6 31. Nf6 Rxg2 32. Qxh7+ Kg5 33. Ng4 Ne2 34. Qh6+ Kf5 35. Nxe3+ Kf6 36. Nxg2 1-0

[Event "GER-ch U18 sf Berlin Online"]
[Site "Playchess.com INT"]
[Date "2020.05.01"]
[Round "11"]
[White "Metzdorf, Matteo"]
[Black "Sundui, Chinguun"]
[Result "0-1"]
[WhiteElo "1864"]
[BlackElo "1733"]
[PlyCount "140"]
[EventDate "2020.05.01"]
[EventType "swiss (blitz)"]
[EventRounds "13"]
[EventCountry "GER"]
[SourceTitle "CBM 195 Extra"]
[Source "ChessBase"]
[SourceDate "2020.05.31"]
[SourceVersion "1"]
[SourceVersionDate "2020.05.31"]
[SourceQuality "1"]

1. e4 c5 2. Nf3 e6 3. d4 cxd4 4. Nxd4 Bc5 5. Nb3 Bb6 6. Nc3 Nc6 7. Qg4 Nf6 8. Qxg7 Rg8 9. Qh6 Bxf2+ 10. Kd1 b6 11. Be2 Bc5 12. Nxc5 bxc5 13. Bg5 Rg6 14. Qh4 h6 15. Bxh6 Ng8 16. Qxd8+ Nxd8 17. Bf4 Rxg2 18. Bg3 Nc6 19. Bf3 Rxg3 20. hxg3 Nd4 21. Bg2 Bb7 22. Ne2 Ke7 23. Nxd4 cxd4 24. Kd2 Nf6 25. Rae1 Rg8 26. Rh3 Ne8 27. Re2 Nc7 28. e5 Bxg2 29. Rxg2 Nd5 30. Rf2 Rb8 31. Rh7 Rf8 32. c3 dxc3+ 33. bxc3 Nb6 34. Kd3 Nd5 35. g4 a6 36. g5 Ke8 37. g6 fxg6 38. Rxf8+ Kxf8 39. Rxd7 Nb6 40. Rd6 Na4 41. Rxe6 Nc5+ 42. Kd4 Nxe6+ 43. Kd5 Ke7 44. c4 g5 45. Ke4 Kd7 46. Kf5 a5 47. a3 a4 48. Ke4 Nc5+ 49. Kf5 Ne6 50. Ke4 Ke7 51. Kf5 Nd4+ 52. Ke4 Nc2 53. Kf5 Nxa3 54. Kxg5 Nxc4 55. Kf4 a3 56. Ke4 a2 57. Kd4 a1Q+ 58. Kxc4 Qxe5 59. Kd3 Qf4 60. Ke2 Qg3 61. Kf1 Qh2 62. Ke1 Qg2 63. Kd1 Qf2 64. Kc1 Qe2 65. Kb1 Qd2 66. Ka1 Kd6 67. Kb1 Kc5 68. Ka1 Kb4 69. Kb1 Kb3 70. Ka1 Qb2# 0-1

[Event "GER-ch Net Amateur Gr-B Final"]
[Site "Playchess.com INT"]
[Date "2020.04.18"]
[Round "6"]
[White "Schmaelzle, Harald"]
[Black "Sundui, Chinguun"]
[Result "1-0"]
[WhiteElo "1757"]
[BlackElo "1715"]
[PlyCount "135"]
[EventDate "2020.04.18"]
[EventType "swiss (blitz)"]
[EventRounds "13"]
[EventCountry "GER"]
[SourceTitle "CBM 195 Extra"]
[Source "ChessBase"]
[SourceDate "2020.05.31"]
[SourceVersion "1"]
[SourceVersionDate "2020.05.31"]
[SourceQuality "1"]

1. d4 d5 2. Nf3 Nc6 3. Bf4 Bg4 4. e3 e6 5. Be2 Bxf3 6. Bxf3 Bd6 7. Bxd6 cxd6 8. c3 Nf6 9. Nd2 0-0 10. 0-0 Rc8 11. Rc1 Qb6 12. b3 Rfd8 13. c4 Nb4 14. a3 Na6 15. b4 Qc7 16. cxd5 Qxc1 17. Qxc1 Rxc1 18. Rxc1 Nxd5 19. Bxd5 exd5 20. Nf3 b5 21. Kf1 Kf8 22. Ng5 h6 23. Nh3 Ke8 24. Nf4 Kd7 25. Nxd5 Ke8 26. Rc6 Nb8 27. Rc7 Rd7 28. Rc8+ Rd8 29. Nc7+ Kd7 30. Rxd8+ Kxd8 31. Nxb5 Nc6 32. Nxd6 Ke7 33. Ne4 f5 34. Nc5 Kd6 35. Ke2 g5 36. Kd3 Ne7 37. f3 Nd5 38. g3 h5 39. e4 fxe4+ 40. fxe4 Nb6 41. Nb3 Na4 42. Nd2 Nb2+ 43. Kc2 Na4 44. Kb3 Nb6 45. Nc4+ Nxc4 46. Kxc4 a6 47. e5+ Ke6 48. Kc5 h4 49. Kc6 hxg3 50. hxg3 Kf5 51. e6 Kg4 52. e7 Kxg3 53. e8Q a5 54. b5 g4 55. Qe4 a4 56. Qxg4+ Kxg4 57. d5 Kh3 58. d6 Kh2 59. d7 Kh3 60. d8Q Kh2 61. Qd2+ Kh3 62. Qf2 Kg4 63. b6 Kh5 64. b7 Kh6 65. b8Q Kh5 66. Qh8+ Kg6 67. Qg8+ Kh6 68. Qh2# 1-0

[Event "GER-ch Net Amateur Gr-B Final"]
[Site "Playchess.com INT"]
[Date "2020.04.18"]
[Round "13"]
[White "Schulz, Marc Daniel"]
[Black "Sundui, Chinguun"]
[Result "0-1"]
[WhiteElo "1776"]
[BlackElo "1715"]
[PlyCount "82"]
[EventDate "2020.04.18"]
[EventType "swiss (blitz)"]
[EventRounds "13"]
[EventCountry "GER"]
[SourceTitle "CBM 195 Extra"]
[Source "ChessBase"]
[SourceDate "2020.05.31"]
[SourceVersion "1"]
[SourceVersionDate "2020.05.31"]
[SourceQuality "1"]

1. e4 c5 2. Bc4 e6 3. Nc3 a6 4. d3 b5 5. Bb3 Bb7 6. a3 d6 7. Nge2 Nf6 8. 0-0 Be7 9. f4 d5 10. e5 Nfd7 11. Ng3 Nc6 12. Kh1 0-0 13. Ba2 Qc7 14. Nce2 d4 15. Ng1 Nb6 16. Qg4 Rfd8 17. Nh3 c4 18. Nh5 Bf8 19. Ng5 h6 20. Nf3 Ne7 21. Nh4 Qc6 22. Bd2 Nf5 23. Nxf5 exf5 24. Qg3 Qg6 25. Qh3 Bxg2+ 26. Qxg2 Qxh5 27. Rg1 Kh7 28. Bb4 Qg6 29. Qf2 Qc6+ 30. Rg2 Bxb4 31. axb4 Nd5 32. Qg3 Qg6 33. Qf3 Qe6 34. dxc4 bxc4 35. Bxc4 g6 36. Qb3 Rd7 37. Rd2 Rad8 38. Rxd4 Qc6 39. Rxa6 Qb7 40. Ra1 Ne3+ 41. Kg1 Qg2# 0-1

[Event "GER-ch Net Amateur Gr-B Final"]
[Site "Playchess.com INT"]
[Date "2020.04.18"]
[Round "11"]
[White "Sundui, Chinguun"]
[Black "Feldmann, Bernd"]
[Result "0-1"]
[WhiteElo "1715"]
[BlackElo "1796"]
[PlyCount "64"]
[EventDate "2020.04.18"]
[EventType "swiss (blitz)"]
[EventRounds "13"]
[EventCountry "GER"]
[SourceTitle "CBM 195 Extra"]
[Source "ChessBase"]
[SourceDate "2020.05.31"]
[SourceVersion "1"]
[SourceVersionDate "2020.05.31"]
[SourceQuality "1"]

1. Nf3 e6 2. e4 d5 3. e5 c5 4. b4 cxb4 5. a3 Nc6 6. axb4 Bxb4 7. c3 Be7 8. d4 f6 9. exf6 Nxf6 10. Bd3 0-0 11. 0-0 Bd6 12. Na3 a6 13. Nb5 Bb8 14. Re1 Qe8 15. Ne5 Nxe5 16. dxe5 Nd7 17. f4 Nc5 18. Ba3 Nxd3 19. Qxd3 Rxf4 20. Nd6 Bxd6 21. Bxd6 Bd7 22. Rf1 Rxf1+ 23. Qxf1 Qg6 24. Re1 h6 25. Re3 Bb5 26. Qe1 Bd3 27. Qd2 Be4 28. Rg3 Qf5 29. Qxh6 Qf7 30. Qg5 Rc8 31. Rh3 Bf5 32. Rg3 d4 0-1